evermore -Taylor Swift feat. Bon Iver (Lyrics) - Statistics

General Stats
  • This quiz has been taken 3 times
  • The average score is 224 of 269
Answer Stats
Answer % Correct
a
100%
all
100%
an
100%
and
100%
barefoot
100%
be
100%
been
100%
breath
100%
catching
100%
could
100%
couldn't
100%
cross?
100%
crossed
100%
death
100%
does
100%
double
100%
down
100%
each
100%
evermore
100%
(evermore)
100%
feeling
100%
find
100%
footsteps
100%
for
100%
had
100%
I
100%
i
100%
in
100%
is
100%
it
100%
I've
100%
July
100%
light
100%
my
100%
not
100%
on
100%
one
100%
pain
100%
pause
100%
pause?
100%
peculiar
100%
replay
100%
sending
100%
shipwrecked
100%
signals
100%
since
100%
so
100%
step
100%
stepping
100%
stone
100%
sure
100%
that
100%
the
100%
this
100%
to
100%
trying
100%
very
100%
was
100%
we
100%
when
100%
where
100%
wildest
100%
winter
100%
would
100%
again
67%
bad
67%
but
67%
can
67%
Can't
67%
capture
67%
certain
67%
cost
67%
days
67%
December
67%
dreamed
67%
enough
67%
fight
67%
fire
67%
frost
67%
get
67%
go
67%
Grey
67%
guess
67%
Hey
67%
I'm
67%
just
67%
letters
67%
lost
67%
me
67%
moment
67%
motion
67%
November
67%
of
67%
Oh
67%
open
67%
or
67%
out
67%
put
67%
remember
67%
rewind
67%
staring
67%
tall
67%
tape
67%
things
67%
think
67%
through
67%
unmoored
67%
used
67%
weather
67%
we'll
67%
went
67%
what
67%
will
67%
window
67%
wouldn't
67%
writing
67%
wrong
67%
you
67%
addressed
33%
being
33%
cabin
33%
cracks
33%
creaking
33%
dog
33%
floors
33%
line
33%
real
33%
swear
33%
there
33%
thought
33%
tossed
33%
under
33%
violence
33%
waves
33%
were
33%
whether
33%
(all the things that will be lost now)
0%
(can't think of all the cost)
0%
(can we just get a pause?)
0%
(if you think of all the costs)
0%
(is there a line that we could just go cross?)
0%
(or the violence of the dog days)
0%
(out on waves being tossed)
0%
(to be certain we'll be tall again)
0%
(whether weather be the frost)
0%
No matching quizzes found
Score Distribution
Percent of People with Each Score
Percentile by Number Answered
Your Score History
You have not taken this quiz